00426cam a2200157ua 450000100060000000800390000602000180004504000090006308200130007210000260008524500520011125000120016326000390017530000100021465300440022412279200825n ii |||gr||||Z||||||asm a9789324405340 cMAIN a891.4511 aBiplab Deka,eEditor. aAsomiya kavya kabitar bicharcEd by Biplab Deka a1st ed. aGuwahati:bChandra Prakash,c2015. a329p. aEast Indo-European & Celtic literatures